000 00555nam a22001937a 4500
003 MPLRDC
005 20220104202802.0
008 210129b ||||| |||| 00| 0 eng d
020 _a986-7475-65-8
082 _a874.6 HOS-3
100 _a卡勒德·胡塞尼 KHALED HOSSEINI
245 _a追风筝的孩子
_c李静宜 译
250 _a初版25刷
260 _a台湾
_b木马文化事业股份有限公司
_c2006
300 _b
520 _a新书上架 2018-07-01。
650 _a美国文学--杂著;散文
942 _cBK
_o874.6 HOS-3
999 _c67813
_d67803